Statystyki dla Surowce mineralne

Kliknij tutaj aby rozwiązać quiz!

Ogólne statystyki

  • Ten quiz został rozwiązany 16 razy
  • Średni wynik to 5 z 26

Statystyki odpowiedzi

EpokaSurowiecObszar występowania% Poprawnych
KambrWapienie WojcieszowskieSudety
64%
MiocenBazaltySudety
64%
Trias środkowyWapienie i dolomityWyżyna Śląska
57%
Trias środkowyPiaskowceGóry Świętokrzyskie
43%
Dewon śr. górnyWapienieGóry Świętokrzyskie
43%
KambrPiaskowce kwarcytoweGóry Świętokrzyskie
43%
MiocenSól kamiennaWieliczka i Bochnia
21%
MiocenSiarkaZagłębie Tarnobrzeskie
21%
Kreda dolnaRopa naftowaZagłębie Przedgórskie
14%
Jura górnaRopa naftowa i gaz ziemnyZagłębie Przedgórskie
14%
Jura środkowaRopa naftowa i gaz ziemnyZagłębie Przedgórskie
14%
PrekambrRudy ilmenitowo-magnetytoweZagłębie Suwalskie
14%
Kreda dolnaFosforytyAnnopol nad Wisłą
7%
Perm górnyRudy miedzi i srebraLegnicko-Głogowski okręg miedziowy
7%
Kreda dolnaPiaski szklarskieNiecka Tomaszowska
7%
Kreda środkowaKreda piszącaObszar Lubelski
7%
Karbon górnyGranitTatry, Ziemia Kłodzka, Dolny Śląsk
7%
MiocenWęgiel brunatnyZagłębie Bełchatowskie, Konińskie, Wielkopolskie, Zachodnie
7%
Jura górnaWapienieZagłębie Częstochowskie i Staropolskie
7%
Jura środkowaRudy żelazaZagłębie Częstochowskie, Staropolskie, Łęczyckie
7%
Karbon górnyWęgiel kamiennyZagłębie Lubelskie, Górnośląskie i Dolnośląskie
7%
Trias środkowyRudy cynku i ołowiuZagłębie Olkusko-Zawierciańskie
7%
Kreda środkowaRopa naftowaZagłębie Przedgórskie i Karpackie
7%
MiocenRopa naftowa i gaz ziemnyZagłębie Przedsudeckie i Wielkopolskie
7%
Perm dolnyRopa naftowa i gaz ziemnyZagłębie Przedsudeckie, Pomorskie, Wielkopolskie
7%
Perm górnySole kamienne i magnesowo-potasoweZagłębie Puckie, Kłodawskie i Kujawskie
7%

Rozkład punktacji

Percentyl według liczby udzielonych odpowiedzi

Procent ludzi z każdym wynikiem

Twoja historia wyników

Nie rozwiązałeś tego quizu